Desde un girasol : (Registro nro. 7883)

Detalles MARC
000 -LIDER
fixed length control field 01102nam a2200265 a 4500
001 - NÚMERO DE CONTROL
Identificador de número de control 00001236
003 - IDENTIFICACDOR DE NÚMERO DE CONTROL
control field DO-SdBNP
005 - DATE AND TIME OF LATEST TRANSACTION
control field 20250701124114.0
007 - CAMPOS FIJOS DE DESCRIPCIÓN FÍSICA
fixed length control field 00001236
008 - ELEMENTOS DE LONGITUD FIJA
fixed length control field 110429s2009 dr 000 spa d
040 ## - FUENTE DE CATALOGACIÓN
Agencia que crea de manera original el registro BPMSU
Idioma de catalogación spa
Agencia que realiza la transcripción BPMSU
082 #4 - NÚMERO DE CLASIFICACIÓN DECIMAL DE DEWEY
Classification number A863.08
Item number D449g 2009
Edition number 22
245 00 - MENCIÓN DE TITULO
Título Desde un girasol :
Subtítulo antología de cuentos del Caribe/
Mención de responsabilidad edición Thelma Jiménez ;
260 ## - PUBLICACIÓN, DISTRIBUCIÓN, ETC. (PIE DE IMPRENTA)
Lugar de publicación, distribución, etc Santo Domingo :
Nombre del editor, distribuidor, etc. Ediciones Ferilibro,
Fecha de publicación, distribución, etc 2009.
300 ## - DESCRIPCIÓN FÍSICA
Extensión 69 p. ;
Otros detalles físicos il.
Dimensiones 24 cm.
505 0# - NOTA DE CONTENIDO
Texto normalizado de contenido Piscilandia / Dinorah Coronado -- Un pollito de granja / Rafael Peralta Romero -- El dragón que quería ser bombero / Luis Caissés Sánchez -- La abuela extraterrestre / Olga Rodríguez Colón -- El rey coquí / Ángel Herdz -- La metamorfosis de Isabel / José H. Cáez-Romero.
590 ## - NOTA LOCAL
Texto de la nota local Inventariado, 2025/VM
650 #4 - ENCABEZAMIENTO DE MATERIA--TEMÁTICO
Término temático o nombre geográfico como elemento de entrada Cuentos infantiles dominicanos
Subdivisión de forma
650 #4 - ENCABEZAMIENTO DE MATERIA--TEMÁTICO
Término temático o nombre geográfico como elemento de entrada Cuentos infantiles cubanos
650 #4 - ENCABEZAMIENTO DE MATERIA--TEMÁTICO
Término temático o nombre geográfico como elemento de entrada Cuentos infantiles puertorriqueños
651 #4 - ENCABEZAMIENTO DE MATERIA--NOMBRE GEOGRÁFICO
Nombre geográfico Caribe (Región)
Subdivisión de forma Cuentos.
700 1# - ASIENTO SECUNDARIO -- NOMBRE PERSONAL
Nombre personal Jiménez, Thelma
Campo enlazado y núm. de secuencia
910 ## - VALIDACIÓN
Validación VMateo V. Control de calidad. BPMSU
942 ## - ADDED ENTRY ELEMENTS (KOHA)
Source of classification or shelving scheme Dewey Decimal Classification
Koha item type Libros
Existencias
Withdrawn status Lost status Source of classification or shelving scheme Damaged status Not for loan Collection code Home library Current library Date acquired Total Checkouts Full call number Barcode Date last seen Price effective from Koha item type
    Dewey Decimal Classification     Colección Infantil Dominicana Biblioteca Pública Metropolitana Salomé Ureña Biblioteca Pública Metropolitana Salomé Ureña 05/15/2015   BPMSU CDI A863.08 D449g 2009 BPMSU15051748 05/15/2015 05/15/2015 Libros